000 002250000a22000970004500
100 1 _aBrown, Steve
245 1 0 _aEl problema enredado de anastausia
300 _aNúm 9 (1992), Páginas 6
773 0 _tPaso a paso
942 _cANA
999 _c52111
_d52111